北京地铁15号线地铁站 - Statistics

General Stats
  • This quiz has been taken 12 times
  • The average score is 16 of 20
Answer Stats
Transfers Stations % Correct
13号线 望京西
100%
14号线 望京
100%
清华东路西口
90%
8号线 奥林匹克公园
90%
5号线 大屯路东
90%
望京东
90%
后沙峪
90%
南法信
90%
顺义
90%
俸伯
90%
国展
80%
昌平线 六道口
70%
崔各庄
70%
马泉营
70%
孙河
70%
北沙滩
60%
安立路
60%
花梨坎
60%
关庄
50%
石门
50%
No matching quizzes found
Score Distribution
Percent of People with Each Score
Percentile by Number Answered
Your Score History
You have not taken this quiz